[Event "FIDE open"]
[Site "?"]
[Date "2017.06.12"]
[Round "1.57"]
[White "Bitkinin, Lenar"]
[Black "Buyukli, Egor"]
[Result "0-1"]
[WhiteElo "2094"]
[BlackElo "1749"]
[Annotator ""]
[Source ""]
[Remark ""]

1.d4 Nf6 2.Nf3 g6 3.c4 Bg7 4.g3 O-O 5.Bg2 c6 6.O-O d5 7.Nbd2
Nbd7 8.b3 b6 9.Bb2 Bb7 10.Rc1 e6 11.Qc2 Rc8 12.Rfd1 c5 13.dxc5
Nxc5 14.Ne5 Qc7 15.cxd5 Bxd5 16.e4 Nfxe4 17.Nxe4 Bxe4 18.Qxe4
Nxe4 19.Rxc7 Rxc7 20.Bxe4 Rfc8 21.f4 f6 22.Nc4 f5 23.Bxg7 Kxg7
24.Bd3 b5 25.Nd6 Rc1 26.Rxc1 Rxc1+ 27.Kf2 b4 28.Ke3 Ra1 29.h4
Rxa2 30.Bc4 Kf6 31.Kd4 a5 32.Bb5 Rg2 33.Nc4 Rxg3 34.Nxa5 Rg4
35.Ke3 Rxh4 36.Bc4 e5 37.fxe5+ Kxe5 38.Nc6+ Kd6 39.Nxb4 g5 40.Nd3
f4+ 41.Kf3 Rh3+ 42.Kg4 Rg3+ 43.Kf5 f3 44.Nf2 Rg2 45.Ne4+ Kc6
46.Nxg5 f2 47.Nh3 Rg3 48.Nf4 Rg1 49.Bd5+ Kb6 50.Bc4 f1Q 51.Bxf1
Rxf1 52.Kg5 h6+ 53.Kg4 Rh1 54.b4 Kb5 55.Kf5 Rg1 56.Nh3 Rg3 57.Nf4
Kxb4 58.Nd5+ Kc5 59.Nf6 Kd4 60.Kf4 Rg6 61.Nh5 Rg1 62.Ng3 Kd5
63.Nh5 Ke6 64.Ng3 Kf6 65.Ne4+ Kg6 66.Kf3 h5 67.Kf2 Rg4 68.Nd2
h4 69.Nf3 Kf5 70.Nh2 Rg7 71.Nf3 h3 72.Kf1 Kf4 73.Ke1 0-1

[Event "FIDE Open"]
[Site "Voronezh"]
[Date "2017.06.17"]
[Round "6.15"]
[White "Novikov, Sergey D"]
[Black "Perch, Sofya"]
[Result "1-0"]
[WhiteElo "2061"]
[BlackElo "1874"]
[Annotator ""]
[Source ""]
[Remark ""]

1.d4 d5 2.Nf3 Nf6 3.c4 e6 4.g3 dxc4 5.Bg2 Bd7 6.Ne5 Bc6 7.Nxc6
Nxc6 8.O-O Be7 9.Qa4 Qd7 10.Rd1 O-O 11.Qxc4 Rfd8 12.Nc3 Nd5 13.e4
Nb6 14.Qf1 Nxd4 15.Be3 e5 16.f4 f6 17.Nd5 Nxd5 18.Bxd4 exd4 19.exd5
Bc5 20.Qc4 Qd6 21.Rac1 Bb6 22.Kf1 Kf8 23.Qd3 g6 24.f5 g5 25.Re1
Re8 26.Re6 Rxe6 27.fxe6 Kg7 28.Re1 Qe7 29.Qf5 Rh8 30.Be4 Kg8
31.Kg2 Kg7 32.h4 Qb4 33.Rf1 Qe7 34.hxg5 fxg5 35.Qe5+ Kg8 36.Rf7 1-0

[Event "FIDE Open"]
[Site "Voronezh"]
[Date "2017.06.17"]
[Round "6.16"]
[White "Katkov, Vitaly"]
[Black "Moshkin, Mikhail"]
[Result "1-0"]
[WhiteElo "2054"]
[BlackElo "1671"]
[Annotator ""]
[Source ""]
[Remark ""]

1.c4 Nf6 2.Nf3 g6 3.g3 Bg7 4.Bg2 d6 5.O-O O-O 6.d4 c5 7.dxc5
dxc5 8.Nc3 Nc6 9.Be3 Be6 10.Bxc5 Bxc4 11.Qa4 Be6 12.Rfd1 Qc8
13.Nd4 Nxd4 14.Bxd4 Bd7 15.Qb4 Bc6 16.Qxe7 Bxg2 17.Kxg2 Qc6+
18.Kg1 Rfe8 19.Qb4 a5 20.Qc5 Qe6 21.e3 Qh3 22.Bxf6 Bxf6 23.Nd5
Bg7 24.Qb6 Rac8 25.Rac1 Qe6 26.Qxe6 fxe6 27.Rxc8 Rxc8 28.Ne7+
Kf7 29.Nxc8 1-0

[Event "FIDE Open"]
[Site "Voronezh"]
[Date "2017.06.17"]
[Round "6.17"]
[White "Natarov, Ilya"]
[Black "Ioffe, Evgeny"]
[Result "0-1"]
[WhiteElo "1881"]
[BlackElo "2155"]
[Annotator ""]
[Source ""]
[Remark ""]

1.d4 d5 2.c4 c6 3.Nc3 Nf6 4.e3 e6 5.Nf3 Nbd7 6.Bd3 dxc4 7.Bxc4
b5 8.Bd3 a6 9.a4 b4 10.Ne4 c5 11.O-O Bb7 12.Ned2 Be7 13.Nc4 O-O
14.a5 cxd4 15.exd4 Nd5 16.Qe2 N7f6 17.Nfe5 h6 18.f4 Re8 19.Bd2
Bf8 20.g4 g6 21.f5 exf5 22.gxf5 g5 23.h4 g4 24.h5 Bg7 25.Qd1
Rc8 26.Nxg4 Nxg4 27.Qxg4 Nf6 28.Qh4 Qd5 29.Rf2 Ng4 30.Nb6 Qxd4
31.Nxc8 Nxf2 32.Qxf2 Qg4+ 33.Kf1 Qh3+ 34.Kg1 Qh1# 0-1

[Event "FIDE Open"]
[Site "Voronezh"]
[Date "2017.06.17"]
[Round "6.18"]
[White "Stepanyan, Eva"]
[Black "Bitkinin, Lenar"]
[Result "1-0"]
[WhiteElo "1856"]
[BlackElo "2094"]
[Annotator ""]
[Source ""]
[Remark ""]

1.e4 c5 2.Nf3 d6 3.Bb5+ Bd7 4.Bxd7+ Nxd7 5.O-O Ngf6 6.Re1 g6
7.c4 Bg7 8.d4 cxd4 9.Nxd4 Rc8 10.b3 Nh5 11.Bb2 Qb6 12.Bc3 Nc5
13.Nf3 e5 14.Bb2 Nf4 15.Ba3 O-O 16.Bxc5 Qxc5 17.Nc3 f5 18.Rc1
a6 19.a4 Bh6 20.Rc2 Rf7 21.g3 Ne6 22.exf5 gxf5 23.Qd5 Qxd5 24.Nxd5
e4 25.Nh4 Nd4 26.Rb2 Bg7 27.Rbb1 b5 28.axb5 axb5 29.Ne3 f4 30.gxf4
bxc4 31.bxc4 Rxf4 32.Neg2 Rff8 33.Rxe4 Rxc4 34.Re3 d5 35.Rd3
Rc2 36.Rf1 Ne2+ 37.Kh1 d4 38.Ne1 Rc1 39.Rd2 Nc3 40.Kg2 Ne4 41.Rd3
Rc3 42.f4 Nc5 43.Rxc3 dxc3 44.f5 Bf6 45.Nhf3 Rd8 46.Nc2 Ne4 47.Ra1
Nd2 48.Nfe1 Nc4 49.Ra6 Kg7 50.Rc6 Rd2+ 51.Kf1 Nd6 52.Ne3 Ne4
53.Ng4 Bh4 54.Rc7+ Kf8 55.Rc8+ Ke7 56.Nf3 Rd8 57.Rc7+ Kd6 58.Rc4
Kd5 59.Ne3+ Kd6 60.Rxe4 Be7 61.Rd4+ 1-0

[Event "FIDE Open"]
[Site "Voronezh"]
[Date "2017.06.17"]
[Round "6.19"]
[White "Chernov, Vladimir S"]
[Black "Maraktanov, Andrey"]
[Result "1-0"]
[WhiteElo "2045"]
[BlackElo "1821"]
[Annotator ""]
[Source ""]
[Remark ""]

1.d4 Nf6 2.c4 c5 3.d5 e6 4.Nc3 exd5 5.cxd5 d6 6.e4 a6 7.f4 g6
8.Nf3 Bg4 9.Be2 Bxf3 10.Bxf3 Nbd7 11.O-O Bg7 12.Re1 O-O 13.e5
Nh5 14.Bxh5 Qh4 15.Bg4 f5 16.exf6 Nxf6 17.Be6+ Kh8 18.g3 Qh5
19.Qxh5 Nxh5 20.Be3 b5 21.Rab1 Nf6 22.Bf2 Ra7 23.Ne4 Nxe4 24.Rxe4
Re7 25.a4 b4 26.b3 Rfe8 27.Kg2 a5 28.Kf3 h6 29.g4 Bf6 30.h4 g5
31.hxg5 hxg5 32.Rh1+ Kg7 33.f5 Rh8 34.Rxh8 Kxh8 35.Bg3 Rh7 36.Bxd6
Bd4 37.Rxd4 cxd4 1-0

[Event "FIDE Open"]
[Site "Voronezh"]
[Date "2017.06.17"]
[Round "6.20"]
[White "Vlasova, Zlata"]
[Black "Bezgodova, Svetlana"]
[Result "0-1"]
[WhiteElo "1819"]
[BlackElo "2038"]
[Annotator ""]
[Source ""]
[Remark ""]

1.e4 e5 2.Nf3 Nc6 3.Bb5 a6 4.Ba4 Nf6 5.O-O Be7 6.Re1 b5 7.Bb3
d6 8.c3 O-O 9.h3 Na5 10.Bc2 c5 11.d4 Bb7 12.Nbd2 cxd4 13.cxd4
exd4 14.Nxd4 Re8 15.Nf1 Bf8 16.Ng3 d5 17.e5 Ne4 18.Bf4 Nc4 19.b3
Qh4 20.Qg4 Qxg4 21.hxg4 Nxe5 22.Nxe4 dxe4 23.Bxe5 Rxe5 24.Nf3
Ree8 25.Ng5 f6 26.Bxe4 Bxe4 27.Nxe4 Bb4 28.Re2 Rac8 29.a3 Bf8
30.b4 Red8 31.f3 Kf7 32.Rae1 Rd3 33.Re3 Rxe3 34.Rxe3 Rc2 35.Rc3
Rxc3 36.Nxc3 Ke6 37.Kf2 g6 38.Ke3 f5 39.gxf5+ gxf5 40.Ne2 Bh6+
41.Kd3 Ke5 42.g3 Kd5 43.Nc3+ Kd6 44.Ne2 Kd5 45.Nc3+ Kd6 46.Ne2
Bg7 47.Kc2 Be5 48.Kb3 h5 49.f4 Bf6 50.Nc3 Bd4 51.Ne2 Bf2 52.Kc2
Ke6 53.Kd2 Kd5 54.Kd3 Be1 55.Nd4 Bxg3 56.Nxf5 Bxf4 57.Ne7+ Ke6
58.Nc6 h4 59.Ke4 Kd7 60.Nd4 h3 61.Kf3 Be5 62.Nb3 Kc6 63.Nc5 a5
64.Nd3 axb4 65.axb4 Kd5 66.Nc5 Bd6 67.Ne4 Bxb4 68.Ng5 h2 69.Kg2
Bd6 70.Nf3 b4 71.Nd2 Bf4 72.Nb3 Kc4 73.Na5+ Kc3 74.Kh1 Bc7 75.Nb7
Kc4 76.Kg2 b3 0-1

[Event "FIDE Open"]
[Site "Voronezh"]
[Date "2017.06.17"]
[Round "6.21"]
[White "Egorov, Alexey"]
[Black "Arbuzov, Mikhail"]
[Result "1/2-1/2"]
[WhiteElo "1794"]
[BlackElo "2022"]
[Annotator ""]
[Source ""]
[Remark ""]

1.e4 c5 2.Nf3 d6 3.d4 cxd4 4.Nxd4 Nf6 5.f3 g6 6.c4 Bg7 7.Be3
O-O 8.Be2 Nc6 9.Qd2 Bd7 10.Nc3 Rc8 11.Rc1 a6 12.O-O Ne5 13.b3
Bc6 14.Bh6 Ned7 15.Bxg7 Kxg7 16.b4 Qb6 17.Nd5 Bxd5 18.cxd5 Rc7
19.Rxc7 Qxc7 20.Rc1 Qb8 21.Qc3 Nb6 22.Qc7 Rc8 23.Qxb8 Rxb8 24.Nb3
Ne8 25.b5 axb5 26.Bxb5 Na8 27.Bxe8 Rxe8 28.Nd4 Kf6 29.Rb1 Ke5
30.Ne2 b6 31.Kf2 e6 32.dxe6 fxe6 33.Ke3 d5 34.Rb5 Rb8 35.Nd4
Kd6 36.e5+ Kd7 37.Rb3 Nc7 38.Rc3 Ra8 39.a3 Ra4 40.g4 Rxd4 41.Rxc7+
Kxc7 42.Kxd4 g5 43.f4 gxf4 44.g5 Kd7 45.h4 Ke7 46.h5 b5 47.Kd3
Kf8 48.Kd4 1/2-1/2

[Event "FIDE Open"]
[Site "Voronezh"]
[Date "2017.06.17"]
[Round "6.22"]
[White "Mikhnenko, Alexander"]
[Black "Pikalova, Sofya"]
[Result "1-0"]
[WhiteElo "2019"]
[BlackElo "1792"]
[Annotator ""]
[Source ""]
[Remark ""]

1.d4 d5 2.c4 c6 3.cxd5 cxd5 4.Bf4 e6 5.Nc3 Bd6 6.Bg3 Bxg3 7.hxg3
Nf6 8.e3 Nc6 9.Nf3 h6 10.a3 Ne4 11.Nxe4 dxe4 12.Nd2 f5 13.Bb5
O-O 14.Bxc6 bxc6 15.Qc2 Qd5 16.Rc1 Bb7 17.Qc3 Qb5 18.Nc4 Ba6
19.O-O c5 20.Rfd1 Qxc4 21.Qxc4 Bxc4 22.Rxc4 cxd4 23.Rcxd4 Rf7
24.Kf1 Kf8 25.Ke2 Ke8 26.Rd6 Re7 27.Kd2 Rd8 28.Rxd8+ Kxd8 29.Kc3+
Kc8 30.Rd4 Kb7 31.b4 Kb6 32.a4 g5 33.Rd8 Rc7+ 34.Kb3 Rc1 35.Rd6+
Rc6 36.Rd7 a5 37.b5 Rc1 38.Rd6+ Kc7 39.Rxe6 Rb1+ 40.Kc3 Rb4 41.Rxh6
Rxa4 42.Rf6 f4 43.gxf4 gxf4 44.Rxf4 Rb4 45.Rf5 Kb6 46.Rd5 Rxb5
47.Rxb5+ Kxb5 48.f3 Kc5 49.f4 a4 50.g4 a3 51.Kb3 a2 52.Kxa2 Kc4
53.f5 Kd3 54.f6 Kxe3 55.f7 1-0

[Event "FIDE Open"]
[Site "Voronezh"]
[Date "2017.06.17"]
[Round "6.23"]
[White "Kasantsev, Anatolij B."]
[Black "Gerasimov, Vadim"]
[Result "1-0"]
[WhiteElo "1961"]
[BlackElo "1713"]
[Annotator ""]
[Source ""]
[Remark ""]

1.d4 d5 2.c4 c6 3.Nf3 Nf6 4.Nc3 dxc4 5.a4 Bf5 6.e3 e6 7.Bxc4
Bb4 8.O-O O-O 9.Qe2 Nbd7 10.e4 Bg6 11.e5 Nd5 12.Nxd5 cxd5 13.Bd3
Qb6 14.Be3 Rfc8 15.Rfc1 Nf8 16.h3 Ba5 17.Bxg6 Nxg6 18.h4 Qb3
19.h5 Nf8 20.h6 g6 21.Bg5 Nd7 22.Be7 Rxc1+ 23.Rxc1 Bb6 24.Qd2
Bd8 25.Bxd8 Rxd8 26.Rc7 Qb6 27.Qc3 a5 28.Ng5 f6 29.exf6 Qd6 30.f7+
Kh8 31.Rxb7 e5 32.dxe5 Nxe5 33.Nf3 d4 34.Qxd4 Qxd4 35.Nxd4 g5
36.f3 Ng6 37.Ne6 Rc8 38.Nxg5 Nf8 1-0

[Event "FIDE Open"]
[Site "Voronezh"]
[Date "2017.06.17"]
[Round "6.24"]
[White "Buyukli, Egor"]
[Black "Asefi, Zaheeruddeen"]
[Result "1/2-1/2"]
[WhiteElo "1749"]
[BlackElo "1960"]
[Annotator ""]
[Source ""]
[Remark ""]

1.d4 Nf6 2.Bf4 g6 3.e3 Bg7 4.Nd2 d5 5.h3 c5 6.c3 Nc6 7.Ngf3 c4
8.b3 cxb3 9.axb3 O-O 10.Be2 Nd7 11.b4 e5 12.Bg3 e4 13.Nh2 f5
14.Qb3 Nb6 15.b5 Ne7 16.Qb4 Bd7 17.Nb3 Rf7 18.Nc5 Bc8 19.h4 h5
20.Bf4 Kh7 21.Nf1 Ng8 22.Nd2 Nf6 23.Ra5 Bf8 24.Qa3 a6 25.bxa6
bxa6 26.g3 Rfa7 27.O-O Qe8 28.Ra1 Qf7 29.Qa2 Ne8 30.Bb5 Nc7 31.Bc6
Rb8 32.Rb1 Nd7 33.Nxd7 Rxb1+ 34.Nxb1 Bxd7 35.Bxd5 Nxd5 36.Qxd5
Be6 37.Qc6 Rb7 38.Na3 Rb3 39.d5 Bd7 40.Qxa6 Rxc3 41.Nc4 Bg7 42.Be5
Rxc4 43.Qxc4 Bxe5 44.Ra7 Kh6 45.Qb3 f4 46.exf4 Bd4 47.Rc7 Qf5
48.Qb4 Qxd5 49.Qf8+ Bg7 50.Qb4 Qd1+ 51.Kh2 Qf1 52.Rxd7 Qxf2+
53.Kh3 1/2-1/2

[Event "FIDE Open"]
[Site "Voronezh"]
[Date "2017.06.17"]
[Round "6.25"]
[White "Pavlova, Natalia"]
[Black "Malozemova, Darya"]
[Result "1-0"]
[WhiteElo "1954"]
[BlackElo "1680"]
[Annotator ""]
[Source ""]
[Remark ""]

1.Nf3 d5 2.b3 e6 3.Bb2 f5 4.c4 Nf6 5.g3 c6 6.Bg2 Bd6 7.O-O O-O
8.e3 Bd7 9.Ne5 Be8 10.d4 Nbd7 11.Nd2 Ne4 12.f3 Nxd2 13.Qxd2 Qc7
14.Qc3 Rc8 15.b4 Qd8 16.a4 a6 17.Nd3 Bh5 18.Nc5 Qe7 19.a5 Rf6
20.e4 Bxc5 21.dxc5 fxe4 22.fxe4 Rxf1+ 23.Rxf1 Be2 24.Re1 Bxc4
25.exd5 cxd5 26.Rxe6 Qf7 27.Qe1 Nf6 28.Re7 Qg6 29.Qe6+ Kf8 30.Qxc8+
Kxe7 31.Bxf6+ gxf6 32.Qxb7+ Kf8 33.Qc8+ Kg7 34.Qc7+ Kf8 35.Qd8+
Kg7 36.Qe7+ Qf7 37.Qxf7+ Kxf7 38.Bh3 Ke7 39.Kf2 Kd8 40.Ke3 Kc7
41.Kd4 Kc6 42.Bf5 h6 43.Bd3 Bb5 44.Bxb5+ axb5 45.a6 h5 46.a7
Kb7 47.Kxd5 Kxa7 48.Kd6 Kb7 49.c6+ 1-0

[Event "FIDE Open"]
[Site "Voronezh"]
[Date "2017.06.17"]
[Round "6.26"]
[White "Vasiljev, Ilya"]
[Black "Chervonenkis, Boris"]
[Result "1/2-1/2"]
[WhiteElo "1644"]
[BlackElo "1918"]
[Annotator ""]
[Source ""]
[Remark ""]

1.e4 e6 2.d4 d5 3.Nc3 Bb4 4.e5 c5 5.a3 Ba5 6.Bd2 cxd4 7.Nb5 Bc7
8.f4 Ne7 9.Qg4 O-O 10.Bd3 f6 11.Nf3 Nbc6 12.Nxc7 Qxc7 13.Qh4
h6 14.exf6 Rxf6 15.O-O-O e5 16.fxe5 Nxe5 17.Nxe5 Qxe5 18.Rde1
Qc7 19.Qxd4 Bf5 20.Bc3 Rd8 21.Qe5 Qxe5 22.Bxe5 Re6 23.Bc7 Rc8
24.Bxf5 Rxe1+ 25.Rxe1 Nxf5 26.Bf4 Kh8 27.Kb1 Kg8 28.Kc1 Kh8 29.Kb1
Kg8 30.Kc1 Kh8 1/2-1/2

[Event "FIDE Open"]
[Site "Voronezh"]
[Date "2017.06.17"]
[Round "6.27"]
[White "Elkina, Yuliya"]
[Black "Nakonechny, Ignat"]
[Result "0-1"]
[WhiteElo "1591"]
[BlackElo "1893"]
[Annotator ""]
[Source ""]
[Remark ""]

1.Nf3 Nf6 2.b3 g6 3.Bb2 Bg7 4.e3 d6 5.d4 c6 6.Nbd2 Nbd7 7.c4
O-O 8.Be2 Qc7 9.O-O e5 10.dxe5 dxe5 11.Qc2 Re8 12.e4 Nh5 13.g3
Nc5 14.Nh4 Nf6 15.b4 Ne6 16.Ndf3 Nd7 17.Ng2 Ndf8 18.h4 Nd4 19.Nxd4
exd4 20.c5 Qe5 21.Bd3 Bg4 22.Ne3 Bf3 23.Nc4 Qe6 24.Nd2 Bg4 25.f3
Bh3 26.Rf2 a5 27.Nc4 axb4 28.Nd6 Re7 29.f4 Qd7 30.e5 Ne6 31.Qc4
Ra5 32.Bxd4 Nxd4 33.Qxd4 Ra3 34.Kh2 Qg4 35.Rg1 Bxe5 36.Qc4 b5
37.cxb6 Bxd6 38.Qxc6 Rxd3 39.b7 Qd7 40.Qa6 Ra3 41.Qa8+ Kg7 42.b8Q
Bxb8 43.Qxb8 Qd4 44.Rc2 Bf5 45.Rcg2 Rea7 46.h5 Ra8 47.Qb5 Rxa2
48.h6+ Kxh6 49.g4 Qxf4+ 50.Kh1 Be4 51.g5+ Kg7 0-1

[Event "FIDE Open"]
[Site "Voronezh"]
[Date "2017.06.17"]
[Round "6.28"]
[White "Zisin, Oleg"]
[Black "Kholodov, Vladimir"]
[Result "0-1"]
[WhiteElo "1870"]
[BlackElo "1986"]
[Annotator ""]
[Source ""]
[Remark ""]

1.e4 c5 2.Nf3 Nc6 3.Bb5 d6 4.d4 cxd4 5.Qxd4 Bd7 6.Bxc6 Bxc6 7.Nc3
Nf6 8.Bg5 Qa5 9.O-O-O Nd7 10.Rhe1 e6 11.Nd5 f6 12.Bxf6 e5 13.Bxe5
dxe5 14.Nxe5 Bc5 15.Nxc6 bxc6 16.Qxg7 O-O-O 17.Nc3 Rhg8 18.Qh6
Kb7 19.f4 Bb4 20.Re3 Nc5 21.Rg3 Rxd1+ 22.Kxd1 Qd8+ 23.Nd5 Rxg3
24.hxg3 cxd5 25.e5 Ne4 26.g4 Be7 27.f5 Bg5 28.Qe6 Qa5 29.Qd7+
Kb8 30.c3 Qxa2 31.Qe8+ Kc7 32.Qf7+ Kb6 33.Qe6+ Ka5 34.Kc2 Nxc3
35.Qd6 Qa4+ 0-1

[Event "FIDE Open"]
[Site "Voronezh"]
[Date "2017.06.17"]
[Round "6.29"]
[White "Teryaeva, Valeria"]
[Black "Gulko, Oleg"]
[Result "1-0"]
[WhiteElo "1814"]
[BlackElo "1956"]
[Annotator ""]
[Source ""]
[Remark ""]

1.e4 c6 2.Nc3 d5 3.Nf3 dxe4 4.Nxe4 Nf6 5.Nxf6+ exf6 6.d4 Bd6
7.Bd3 O-O 8.Be3 Re8 9.c3 Nd7 10.Qc2 g6 11.O-O-O b5 12.h4 a5 13.h5
Nf8 14.Bh6 Ra7 15.Rh4 Be6 16.Bxf8 Bxf8 17.Rdh1 g5 18.Bxh7+ Kh8
19.R4h2 Bd6 20.g3 Bd5 21.Nd2 Bxh1 22.Rxh1 Rae7 23.Ne4 Rb7 24.Bf5
Bf8 25.h6 Qd5 26.g4 Qxa2 27.Kd2 Rbe7 28.f3 a4 29.Bd7 Rxe4 30.fxe4
Rb8 31.Bxc6 Qe6 32.Bd5 Qxg4 33.Kc1 Qf4+ 34.Kb1 b4 35.c4 Qf3 36.e5
Qe3 37.Bxf7 Qf3 38.Bd5 Qxh1+ 39.Bxh1 fxe5 40.Qg6 1-0

[Event "FIDE Open"]
[Site "Voronezh"]
[Date "2017.06.17"]
[Round "6.30"]
[White "Matveenko, Yury"]
[Black "Strukov, Dmitry"]
[Result "1-0"]
[WhiteElo "1928"]
[BlackElo "1708"]
[Annotator ""]
[Source ""]
[Remark ""]

1.Nf3 Nf6 2.b4 g6 3.Bb2 Bg7 4.c4 O-O 5.g3 d6 6.Bg2 e5 7.d3 Nc6
8.b5 Ne7 9.Nc3 h6 10.O-O Be6 11.Nd2 d5 12.a4 Qd7 13.Rc1 Bh3 14.cxd5
Bxg2 15.Kxg2 Nfxd5 16.Nce4 b6 17.Qb3 Kh7 18.Nf3 f5 19.Ned2 f4
20.Nc4 fxg3 21.fxg3 Qe6 22.Qc2 Nf5 23.Qd2 e4 24.dxe4 Bxb2 25.Rcd1
Qxe4 26.Nxb2 Nfe3+ 27.Kg1 Rad8 28.Qd3 Qxd3 29.Rxd3 Nxf1 30.Kxf1
g5 31.h3 Nb4 32.Rc3 Rf7 33.Rc4 Nd5 34.Rc6 Ne3+ 35.Kf2 Nd1+ 36.Nxd1
Rxd1 37.g4 Rd4 38.Ke1 Rxa4 39.Kd2 Ra2+ 40.Kd3 Rd7+ 41.Nd4 Ra3+
42.Ke4 Re7+ 43.Kd5 Rd7+ 44.Ke4 Ra4 45.e3 Re7+ 46.Kf3 Rb4 47.Nf5
Rf7 48.Rxh6+ Kg8 49.Rg6+ Kf8 50.Rxg5 Rxb5 51.e4 a5 52.Rh5 Ke8
53.Rh8+ Kd7 54.Ra8 Rb3+ 55.Kf4 Rxh3 56.g5 Rh4+ 57.Ke5 Rg4 58.Rg8
a4 59.g6 Re7+ 60.Nxe7 Kxe7 61.Rg7+ Kd8 62.Kf5 Rg2 63.Rg8+ Kd7
64.Ra8 b5 65.Kf6 Rf2+ 66.Ke5 Rg2 67.Kf6 Rg3 68.g7 a3 69.Rxa3
Rg4 70.Rd3+ Ke8 71.Rd5 b4 72.Re5+ Kd7 73.Rg5 1-0

[Event "FIDE Open"]
[Site "Voronezh"]
[Date "2017.06.17"]
[Round "6.32"]
[White "Koshelev, Vladimir"]
[Black "Gerasko, Viacheslav"]
[Result "0-1"]
[WhiteElo "1725"]
[BlackElo "1907"]
[Annotator ""]
[Source ""]
[Remark ""]

1.d4 Nf6 2.Bg5 Ne4 3.Bf4 d6 4.f3 Nf6 5.e4 g6 6.Nc3 Bg7 7.Qd2
h5 8.h4 Nbd7 9.e5 Ng8 10.O-O-O Bh6 11.Nh3 Nb6 12.Bxh6 Nxh6 13.Qf4
d5 14.Bd3 Bf5 15.Bxf5 gxf5 16.Qg5 e6 17.Qxh5 Kd7 18.Qg5 Qf8 19.Qe3
Nc4 20.Qd3 Qb4 21.Rde1 Nxb2 22.Qb5+ Qxb5 23.Nxb5 Nc4 24.Nc3 c6
25.Na4 b6 26.Nb2 Na5 27.Kd2 b5 28.Nd3 Nb7 29.Ng5 Ke7 30.Rb1 Na5
31.Nc5 Nc4+ 32.Kc3 a5 33.a4 Rhb8 34.Kd3 bxa4 35.Nxa4 f6 36.exf6+
Kxf6 37.Rxb8 Rxb8 38.Nc5 Re8 39.Re1 e5 40.Nd7+ Kg6 41.dxe5 f4
42.Nh3 Kf5 43.Kd4 Re7 44.e6 Ne3 45.g4+ Nexg4 46.fxg4+ Kxg4 47.Ke5
Kxh3 48.h5 d4 49.Kd6 Rh7 50.Kxc6 f3 51.Nf6 Re7 52.Ne4 Rxe6+ 53.Kd7
Rxe4 54.Rxe4 Kg2 0-1

[Event "FIDE Open"]
[Site "Voronezh"]
[Date "2017.06.17"]
[Round "6.33"]
[White "Bukatin, Arseny"]
[Black "Kocharyan, Hayk"]
[Result "0-1"]
[WhiteElo "1883"]
[BlackElo "1604"]
[Annotator ""]
[Source ""]
[Remark ""]

1.e4 c5 2.Nf3 a6 3.d4 cxd4 4.Nxd4 Nf6 5.Nc3 e5 6.Nf3 Bb4 7.Bd2
d6 8.Bd3 O-O 9.O-O Nbd7 10.a3 Bxc3 11.Bxc3 Nc5 12.Re1 b5 13.b3
Bb7 14.Nd2 Rc8 15.Bb2 Ne6 16.Nf1 Nf4 17.Ng3 h5 18.Ne2 Ne6 19.f3
h4 20.Qd2 Nh5 21.c4 Nc5 22.Nc1 Nf4 23.Bf1 f5 24.exf5 Rxf5 25.cxb5
axb5 26.b4 Nce6 27.Nd3 Rg5 28.Nxf4 Nxf4 29.Re3 Nxg2 30.Bxg2 h3
31.Kh1 Rxg2 32.Re2 Bxf3 33.Rxg2 Bxg2+ 34.Kg1 Qb6+ 35.Qf2 Qxf2+
36.Kxf2 Rc2+ 0-1

[Event "FIDE Open"]
[Site "Voronezh"]
[Date "2017.06.17"]
[Round "6.34"]
[White "Puchko, Nikolay"]
[Black "Gaglazov, Mikhail"]
[Result "1-0"]
[WhiteElo "2154"]
[BlackElo "1668"]
[Annotator ""]
[Source ""]
[Remark ""]

1.e4 e6 2.d4 d5 3.Nd2 Nf6 4.e5 Nfd7 5.f4 c5 6.c3 cxd4 7.cxd4
Nc6 8.Ndf3 Qb6 9.a3 Be7 10.h4 Na5 11.Kf2 Nb3 12.Rb1 Nb8 13.Bd3
Nc6 14.Ne2 Bd7 15.Be3 Rc8 16.g4 Nca5 17.f5 Bb5 18.Nf4 Bxd3 19.Qxd3
Kd7 20.g5 Bd8 21.g6 hxg6 22.fxe6+ fxe6 23.Qxg6 Qc6 24.Rbc1 Nxc1
25.Rxc1 Nc4 26.Qf7+ Be7 27.Ng6 Rhe8 28.Bg5 Qb5 29.Bxe7 Qxb2+
30.Kg3 Kc6 31.Qxe6+ Kb5 32.Qxd5+ Ka6 33.Rxc4 Qb5 34.Qxb5+ Kxb5
35.Rxc8 Rxc8 1-0

[Event "FIDE Open"]
[Site "Voronezh"]
[Date "2017.06.17"]
[Round "6.35"]
[White "Chekletsova, Darya"]
[Black "Gitelson, Arkady"]
[Result "0-1"]
[WhiteElo "1657"]
[BlackElo "2120"]
[Annotator ""]
[Source ""]
[Remark ""]

1.d4 Nf6 2.c4 g6 3.Nc3 Bg7 4.e4 d6 5.h3 O-O 6.Be3 e5 7.d5 Nh5
8.Qd2 f5 9.Bd3 Nf4 10.Bxf4 exf4 11.exf5 Qh4 12.Kd1 Bxf5 13.Nge2
Bxd3 14.Qxd3 Na6 15.Qd2 Qxf2 16.Rg1 Bxc3 17.Qxc3 Rae8 18.Re1
Re3 19.Qd2 Rfe8 20.Rc1 Qxg2 21.Rc3 Qf3 22.Rxe3 Rxe3 23.Kc1 Qe4
24.b3 f3 25.Qb2 Rxe2 26.Rxe2 fxe2 27.Qf6 e1Q+ 0-1

[Event "FIDE Open"]
[Site "Voronezh"]
[Date "2017.06.17"]
[Round "6.36"]
[White "Smiyan, Vladimir"]
[Black "Kumakov, Ivan"]
[Result "1-0"]
[WhiteElo "1983"]
[BlackElo "1658"]
[Annotator ""]
[Source ""]
[Remark ""]

1.d4 d5 2.Nf3 Nc6 3.g3 Bf5 4.Bg2 Nb4 5.Na3 e6 6.O-O Bd6 7.Bd2
Nc6 8.Nb5 Nf6 9.Nxd6+ Qxd6 10.Rc1 O-O 11.c4 Be4 12.c5 Qe7 13.Bc3
Nd7 14.b4 a6 15.a4 f6 16.Qb3 Nd8 17.b5 axb5 18.axb5 c6 19.Ra1
Rb8 20.Ra7 Nf7 21.Rfa1 e5 22.Qa4 exd4 23.Bxd4 Rfc8 24.bxc6 bxc6
25.Qa5 Rb5 26.Qa6 Qd8 27.Rb7 Nxc5 28.Bxc5 Rxc5 29.Qa7 Nd6 30.Rxg7+
Kh8 31.Rd7 Qe8 32.Rxd6 Rc2 33.Qd4 Qe7 34.Rxf6 Kg8 35.Bh3 Rb8
36.Be6+ 1-0

[Event "FIDE Open"]
[Site "Voronezh"]
[Date "2017.06.17"]
[Round "6.37"]
[White "Presnyakov, Kirill"]
[Black "Tatarintsev, Mikhail"]
[Result "1-0"]
[WhiteElo "1876"]
[BlackElo "1655"]
[Annotator ""]
[Source ""]
[Remark ""]

1.d4 d5 2.c4 c6 3.Nc3 Nf6 4.Nf3 e6 5.Bg5 Nbd7 6.e3 Qa5 7.Bxf6
Nxf6 8.c5 Qc7 9.Bd3 Be7 10.O-O O-O 11.Qc2 h6 12.b4 Nd7 13.Rad1
e5 14.e4 dxe4 15.Bxe4 exd4 16.Nxd4 Nf6 17.Bf5 Ng4 18.g3 Bf6 19.Bxc8
Raxc8 20.Ne4 Rcd8 21.Nxf6+ Nxf6 22.Nf5 Rfe8 23.Rfe1 Rxd1 24.Qxd1
Qd7 25.Nd6 Rxe1+ 26.Qxe1 Nd5 27.a3 Kf8 28.Kg2 Nf6 29.Qe5 Ne8
30.Nxe8 Qxe8 31.Qf4 Qd8 32.h4 Qd5+ 33.Kh2 Qd8 34.Qf5 Kg8 35.Kg2
a6 36.a4 Qc7 37.Qe4 Qd7 38.Qe5 Kf8 39.Qb8+ Ke7 40.Qe5+ Kf8 41.Qe4
Kg8 42.g4 Qd8 43.Kg3 Qc7+ 44.Qf4 Qxf4+ 45.Kxf4 Kf8 46.g5 hxg5+
47.Kxg5 Ke7 48.h5 Ke6 49.f4 Ke7 50.f5 f6+ 51.Kg6 Kf8 52.h6 gxh6
53.Kxh6 Kf7 54.Kh7 Ke8 1-0

[Event "FIDE Open"]
[Site "Voronezh"]
[Date "2017.06.17"]
[Round "6.38"]
[White "Ter-Saakian, Grigorii"]
[Black "Ragimli, Deniz"]
[Result "1-0"]
[WhiteElo "1844"]
[BlackElo "1648"]
[Annotator ""]
[Source ""]
[Remark ""]

1.e4 c6 2.Nc3 d5 3.Nf3 Bg4 4.h3 Bxf3 5.Qxf3 e6 6.Be2 Be7 7.O-O
dxe4 8.Nxe4 Nf6 9.d3 O-O 10.Qg3 Kh8 11.Bf4 Nd5 12.Be5 f6 13.Bd6
e5 14.Bxb8 Rxb8 15.Rfd1 Qb6 16.Rab1 Nf4 17.Bf1 Rbd8 18.Nd2 Rd7
19.Nc4 Qc7 20.Ne3 Rfd8 21.Qf3 Ne6 22.c3 Bc5 23.Nc2 Ng5 24.Qe2
Ne6 25.g3 Bb6 26.h4 g6 27.d4 Ng7 28.dxe5 Rxd1 29.Rxd1 Rxd1 30.Qxd1
Qxe5 31.Qf3 Nf5 32.Kg2 Bc7 33.Bd3 Ne7 34.Qe4 Kg7 35.Qxe5 Bxe5
36.Bc4 h6 37.Kf3 Nf5 38.Bd3 Nd6 39.Ke3 Ne8 40.Kf3 Kf7 41.Ke2
g5 42.hxg5 hxg5 43.Ke3 Ke7 44.Na3 Bc7 45.Kf3 Ng7 46.Kg4 b6 47.Nc2
Bd6 48.Nd4 Kd7 49.Be4 c5 50.Bf5+ Ke8 51.Nb5 Bb8 52.Na3 Ke7 53.Nc4
Bc7 54.Ne3 Bb8 55.Bd3 Bd6 56.Bc4 Ne8 57.Kf5 Ng7+ 58.Kg6 Ne8 59.Nd5+
Kf8 60.Bb5 Nc7 61.Nxc7 Bxc7 62.Kxf6 Bd8+ 63.Ke6 a5 64.Kd7 Be7
65.Kc7 a4 66.Bxa4 1-0

[Event "FIDE Open"]
[Site "Voronezh"]
[Date "2017.06.17"]
[Round "6.39"]
[White "Savoskin, Vladimir"]
[Black "Belov, Aleksei"]
[Result "0-1"]
[WhiteElo "1810"]
[BlackElo "1625"]
[Annotator ""]
[Source ""]
[Remark ""]

1.b3 d5 2.Bb2 Nf6 3.e3 c5 4.Nf3 e6 5.Bb5+ Bd7 6.Bxd7+ Nbxd7 7.Ne5
Bd6 8.Nxd7 Qxd7 9.O-O O-O 10.f4 Rfe8 11.Bxf6 gxf6 12.Rf3 Kh8
13.Nc3 Qc6 14.Rh3 Rg8 15.Qf3 b5 16.Rf1 b4 17.Ne2 Qa6 18.e4 dxe4
19.Qxe4 f5 20.Qf3 Be7 21.Nc1 Bf6 22.Kh1 Rad8 23.d3 Rg7 24.Rh6
Bb2 25.Qf2 Rdg8 26.g3 Qc6+ 27.Qg2 Qxg2+ 28.Kxg2 Rc8 29.Kf3 Rc6
30.h3 Rg6 31.Rxg6 hxg6 32.Ke2 Kg7 33.Kd2 f6 34.Ne2 Ra6 35.Nc1
e5 36.g4 fxg4 37.hxg4 exf4 38.Rxf4 Kh6 39.Rf1 Kg5 40.Rg1 Be5
41.Ke2 Bf4 42.Kf3 Bxc1 43.Rxc1 Rxa2 44.Kg3 Ra6 45.Re1 Rd6 46.Kf3
Rd4 47.Re7 Rf4+ 48.Ke3 Rxg4 49.Rc7 c4 50.dxc4 Rg3+ 51.Kd2 0-1

[Event "FIDE Open"]
[Site "Voronezh"]
[Date "2017.06.17"]
[Round "6.40"]
[White "Stepanischev, Gregory"]
[Black "Kobozev, Aleksandr"]
[Result "1-0"]
[WhiteElo "1799"]
[BlackElo "1497"]
[Annotator ""]
[Source ""]
[Remark ""]

1.d4 d5 2.Nf3 Nf6 3.c4 dxc4 4.Nc3 Bf5 5.g3 e6 6.Bg2 c6 7.Ne5
Bb4 8.O-O O-O 9.Nxc4 Nbd7 10.Qb3 Bxc3 11.bxc3 Nb6 12.Ne5 Be4
13.f3 Bd5 14.Qc2 Nfd7 15.e4 Bc4 16.Nxc4 Nxc4 17.a4 Re8 18.Rd1
Nf6 19.Qa2 Nb6 20.a5 Nbd7 21.Be3 Qc7 22.Bf2 b6 23.a6 Rad8 24.c4
Nb8 25.g4 h6 26.Bg3 Qc8 27.h3 Rd7 28.f4 Red8 29.e5 Ne8 30.Bf2
Nc7 31.d5 cxd5 32.cxd5 exd5 33.Bxb6 axb6 34.a7 Nba6 35.Rdc1 Nc5
36.Qb1 Na8 37.f5 Rc7 38.Rd1 Na6 39.Rxd5 Rxd5 40.Bxd5 Rxa7 41.Qa2
Qc5+ 42.Kh2 Nb4 43.Qxa7 Qxd5 44.Qxa8+ Qxa8 45.Rxa8+ Kh7 46.Rf8
Nc6 47.Re8 b5 48.e6 fxe6 49.Rxe6 Nd4 50.Rd6 Nc2 51.Rb6 b4 52.Rb7
Kg8 53.h4 Kf8 54.Kg3 Ke8 55.Rxg7 b3 56.Rb7 Na1 57.g5 1-0